Les chansons sur les émotions - Statistiques

Statistiques générales
  • Ce quiz a été pris 53 fois
  • Le résultat moyen est 6 sur 20
Statistiques - réponses
Interprète Chanson % Correct
Sinsemilia Tout le {bonheur du monde}
67%
Charles Trenet {Y'a d'la} joie
61%
Maxime Le Forestier Education {sentimentale}
54%
Henri Salvador Faut {rigoler}
50%
Gérard Lenorman La {ballade des gens heureux}
46%
Daniel Balavoine L'{Aziza}
46%
Edith Piaf La {vie en rose}
41%
Jacques Brel La chanson {des vieux amants}
33%
Ray Ventura {Tout va très bien, madame la} marquise
28%
Michel Polnareff Le bal {des Lazes}
24%
Cali C'est {quand le bonheur?}
20%
Jacques Brel Quand {on n'a que l'amour}
20%
Ray Venture Qu'est {ce qu'on attend pour être heureux?}
20%
Charles Aznavour Tu te {laisses aller}
20%
Jane Birkin Fuir le {bonheur de peur qu'il se sauve}
15%
Daniel Balavoine Quand {on arrive en ville}
13%
Michel Berger Plus de {sentiments}
7%
Michel Sardou La {Haine}
2%
Michel Fugain La {bête immonde}
0%
Linda Lemay Un {éternel hiver}
0%
Aucun quiz correspondant
Distribution des résultats
% des personnes avec chaque résultat
Percentile par nombre de réponses
Votre historique - résultats
Vous n’avez pas pris ce quiz